00285nam a2200121Ia 4500008004100000082001400041100001800055245003100073250000800104260002100112300001000133650002000143150201s2011 xx 000 0 und d a617bM11G aGARLANI, A.K. aMANUAL OF CLINICAL SURGERY a1ST bCBSaDELHIc2011 a1-667 aGENERAL SURGERY